00446nam a2200169Ia 450000500170000000800410001703700130005804000200007104100130009108400250010410000150012924500480014426000430019230000090023536500230024465000090026720250326144125.0250326s9999 xx 000 0 und d aTextbook aFMSLbengcFMSL aeng2eng aX:8(J):89ZB P7qFMSL aWorld Bank 0aWorld development report : 2007cWorld Bank aWasingtonbWasington, World Bankc2007 a192p b1025.1800000000001 aFice